000 01189ngm a22003250a 4500
001 PT1992
003 AR-LpoUNG
005 20210202000150.0
007 vd cvaizq
008 191001s1993||||ag |||||||||||||||||spa d
020 _a9504359272
040 _aAR-LpoUNG
_bspa
_cAR-LpoUNG
_eaacr
041 _aspa
044 _aag
082 0 _a982 632v3
100 1 _aDino, Marta
245 1 0 _aHistoria Argentina :
_b1955-1976 : procesos socioeconómicos, políticos y culturales
260 _aBuenos Aires :
_bDiana,
_c1993.
300 _aVHS (70 min.) : son., col.
520 _aRevolución libertadora, El rock and Roll, Kennedy, Frondizi, El club del Clanm, La revolucion cubana, juan XXIII, Marylin Monroe, Vietnam, Los Beatles, Hippies, Illia, BiondoI, El Che Guevara, Onganía, La noche de los bastones largos , El mayo francés, El cordobazo, Apolo XI, El capitán Piluso, Perón vuelve, La J. P., La guerrilla, Isabel, El Rodrigazo, Videla.
650 4 _aANALISIS HISTORICO
650 4 _aARGENTINA
650 4 _aHISTORIA
651 4 _aArgentina
653 _aVIDEOS
700 1 _aMora, Carlos
700 1 _aPigna, Felipe
_edir.
905 _a1992
942 _cVIDEO
999 _c54243
_d54243